| 000 | 01287cam a22003497a 4500 | ||
|---|---|---|---|
| 003 | CHAP | ||
| 005 | 20220329142612.0 | ||
| 008 | 020327d2002 mx ad r 00110 spa d | ||
| 010 | _a85540 | ||
| 011 | _a86512 | ||
| 035 | _a97050 | ||
| 040 | _cCHAP | ||
| 090 | _aTesis | ||
| 100 | 0 | 0 |
_aMorales Alamán, Lucía. _978206 |
| 245 | 1 | 0 |
_aDiagnóstico de las enfermedades foliares que afectan árboles del campus de la Universidad Autonoma Chapingo _c/por Lucía Morales Alamán |
| 260 |
_aChapingo, Méx. : _bEl autor, _c2002 |
||
| 300 |
_a52 h. : _bilus. ; cuadros |
||
| 502 | _aTesis (Ing. en Restauración Forestal) -- UACH. División de Ciencias Forestales | ||
| 590 |
_aALEPH _b10 _c20130110 _lUCH01 _h1447 |
||
| 590 |
_aBATCH-UPD _b10 _c20130110 _lUCH01 _h1217 |
||
| 590 |
_aBATCH-UPD _b10 _c20130410 _lUCH01 _h0753 |
||
| 590 |
_aBATCH-UPD _b10 _c20130914 _lUCH01 _h1201 |
||
| 590 |
_aCONVERSION _b10 _c20130109 _lUCH01 _h1347 |
||
| 650 | 1 | 4 |
_aÁrboles _xEnfermedades. _982436 |
| 650 | 1 | 4 |
_aÁrboles _xMexico (Edo.) _96627 |
| 650 | 1 | 4 |
_aDiagnóstico foliar. _932394 |
| 901 | _aBK | ||
| 905 | _aMarco A. Mendoza T. | ||
| 942 | _cFOLL | ||
| 949 |
_aTesis _bBC _cTES _d33724000850491 _eTS2 _fc.2 _gDonaciØn _h39409 _i97050 _si |
||
| 949 |
_aTesis _bBC _cTES _d970501 _eTS1 _gDonaciØn _h39408 _i97050 _sb |
||
| 999 |
_c85540 _d85540 |
||